00501 a2200157 450000500170000001000170001702000260003403500170006003700170007708200080009410000240010224500670012626000360019327000910022930000230032020240704122924.0 aB-759595-603 a9789391914974c450.00 aB-759595-603 bSunnvik book a250 aBansal, Sunita Pant aPuranas The Origin of Gods and Goddesses /cSunita Pant Bansal aMumbaibShree Book Centerc2022 a8, Kakad Industrial Estate, S. Keer Marg, Off L.J. Road Matunga (West)bMumbaie400016 a328 p.c21 cm(Pb)